Central Library OPAC University of Rajshahi

The Thirty Years War / (Record no. 24235)

MARC details
000 -LEADER
fixed length control field 00703nam a2200241 a 4500
001 - CONTROL NUMBER
control field 24235
003 - CONTROL NUMBER IDENTIFIER
rucl marc code BD-RjUL
005 - DATE AND TIME OF LATEST TRANSACTION
control field 20211209001026.0
008 - FIXED-LENGTH DATA ELEMENTS--GENERAL INFORMATION
fixed length control field 140312r19611957uk a 000 0 eng d
035 ## - SYSTEM CONTROL NUMBER
System control number (BD-RjUL) 24301
System control number (BD-RjUL)
040 ## - CATALOGING SOURCE
Original cataloging agency QUT
Language of cataloging eng
Transcribing agency QUT
Modifying agency XNTU
-- BD-RjUL
041 ## - LANGUAGE CODE
Language code of text/sound track or separate title eng
082 04 - DEWEY DECIMAL CLASSIFICATION NUMBER
Classification number 940.24
Author mark and year WET 1961
100 1# - MAIN ENTRY--PERSONAL NAME
Personal name Wedgwood, C. V.
Fuller form of name (Cicely Veronica),
Dates associated with a name 1910-
9 (RLIN) 74652
245 14 - TITLE STATEMENT
Title The Thirty Years War /
Statement of responsibility, etc. C.V. Wedgwood.
260 ## - PUBLICATION, DISTRIBUTION, ETC. (IMPRINT)
Place of publication, distribution, etc. Harmondsworth, Eng. :
Name of publisher, distributor, etc. Penguin Books,
Date of publication, distribution, etc. 1957 [Reprinted 1961].
300 ## - PHYSICAL DESCRIPTION
Pagination 480 p. :
Illustrations ill. ;
Size 18 cm.
490 0# - SERIES STATEMENT
Series statement A Pelican book
500 ## - GENERAL NOTE
General note "A397".
650 #0 - SUBJECT ADDED ENTRY--TOPICAL TERM
Topical term or geographic name as entry element Thirty Years' War, 1618-1648.
9 (RLIN) 74653
942 ## - ADDED ENTRY ELEMENTS (KOHA)
Source of classification or shelving scheme Dewey Decimal Classification
Koha item type Books
Holdings
Lost status Source of classification or shelving scheme Damaged status Not for loan Permanent Location Current Location Shelving location Date acquired Source of acquisition Cost, normal purchase price Total Checkouts Full call number Date last seen Copy number Koha item type
  Dewey Decimal Classification   Added to bundle Central Library, University of Rajshahi Central Library, University of Rajshahi Reading Room 06/04/1995 Asia Fundation 0.00   940.24 WET 1961 12/03/2014 C-1 Books